000 01149nam a2200301 i 4500
003 DO-SdBNP
005 20251103101751.0
007 ta
008 220208b1998 dr a|||| |||| 00| p spa d
040 _aDO-SdBNP
_bspa
_cBNPHU
_erda
041 _aspa
082 4 _axxx
_bB928e
_222
100 _aBueno, Héctor
_eautor
_4aut.
_928207
245 1 0 _aElegía por la muerte de José Francisco Peña Gómez /
_cHéctor Bueno ; edición, Federico Jóvine Bermúdez ; prólogo, Tony Raful ; ilustración, Cándido Bidó.
250 _aPrimeraa edición
264 1 _aSanto Domingo :
_bEditora de Colores, S. A.,
_c1998.
300 _a129 páginas :
_bilustraciones ;
_c27 cm.
336 _atexto
_btxt
_2rdacontent
337 _asin mediación
_bn
_2rdamedia
338 _avolumen
_bnc
_2rdacarrier
500 _aIncluye datos biográficos del autor en las solapas
590 _aInventariado, 2025 /BT
700 1 _aRaful, Tony,
_d1951-
_eprologuista
_4pr.
_91377
700 1 _aBidó, Cándido,
_d1936-2011
_eilustrador
_4il.
_929482
700 1 _aJovine Bermúdez, Federico,
_d944-2017.
_eeditor
_4ed.
_981191
910 _aBtavárez
942 _2ddc
_cLBS1
999 _c59998
_d59998